Historia de la revolución cultural proletaria en China / (Record no. 51934)

MARC details
000 -LEADER
campo de control de longitud fija 00725nam a2200217 i 4500
001 - NÚMERO DE CONTROL
campo de control 51934
003 - IDENTIFICADOR DE NÚMERO DE CONTROL
campo de control ES-MaACL
005 - FECHA Y HORA DE LA ÚLTIMA TRANSACCIÓN
campo de control 20230906162456.0
007 - CAMPO FIJO DE DESCRIPCIÓN FÍSICA--INFORMACIÓN GENERAL
campo de control de longitud fija t|
008 - DATOS DE LONGITUD FIJA--INFORMACIÓN GENERAL
campo de control de longitud fija 030821s1974 mx b |||| | spa d
080 ## - NÚMERO DE LA CLASIFICACIÓN DECIMAL UNIVERSAL
Número de la Clasificación Decimal Universal 94(510)"1966/69"
100 1# - ENTRADA PRINCIPAL--NOMBRE DE PERSONA
Nombre de persona Daubier, Jean.
9 (RLIN) 42792
245 10 - MENCIÓN DEL TÍTULO
Título Historia de la revolución cultural proletaria en China /
Mención de responsabilidad, etc. por Jean Daubier ; [traducción de Jaime Goded y Alejandro Licona].
250 ## - MENCION DE EDICION
Mención de edición 2ª ed.
260 ## - PUBLICACIÓN, DISTRIBUCIÓN, ETC.
Lugar de publicación, distribución, etc. México :
Nombre del editor, distribuidor, etc. Siglo Veintiuno,
Fecha de publicación, distribución, etc. [1974]
300 ## - DESCRIPCIÓN FÍSICA
Extensión VII, 434 p., 1 mapa pleg. ;
Dimensiones 18 cm.
651 #4 - PUNTO DE ACCESO ADICIONAL DE MATERIA--NOMBRE GEOGRÁFICO
Nombre geográfico China-
Subdivisión general Historia-
Subdivisión cronológica 1966-1969, Revolución cultural.
9 (RLIN) 159985
700 1# - ENTRADA AGREGADA--NOMBRE PERSONAL
Nombre de persona Goded, Jaime.
9 (RLIN) 57509
700 1# - ENTRADA AGREGADA--NOMBRE PERSONAL
Nombre de persona Licona, Alejandro.
9 (RLIN) 72203
852 ## - LOCALIZACIÓN
Ubicación ES-MaACL
Número de control de estantería E-7913
Holdings
Estatus retirado Estado de pérdida Estado de daño No para préstamo Biblioteca de origen Biblioteca actual Ubicación en estantería Fecha de adquisición Fuente de adquisición Total de préstamos Signatura topográfica completa Código de barras Visto por última vez Precio de reemplazo Tipo de ítem Koha
        Biblioteca del Ateneo de Madrid Biblioteca del Ateneo de Madrid Depósito 2 17/01/2008     E-7913 1054604 23/02/2023 23/02/2023 Libro impreso